00720nam a2200205 i 450000100060000000300090000600500170001500700030003200800410003510000270007624501130010325000120021626000360022830000220026470000290028670000280031585200320034399900170037595201220039220834ES-MaACL20230906152354.0t|021119s1967 sp ||||1| cat d1 aAdolfs, Robert.91845812aL'Església es més / cRobert Adolfs ; [traductor catalá Miquel Castanys ; revisada per Ramón Vidal]. a1ª ed. a[Barcelona] : bAriel, c[1967] a220 p. ; c19 cm.1 aCastanys, Miquel.9364001 aVidal, Ramón.9114457 aES-MaACLjC-33551 bR.64357 c20834d20834 00104070aATENEOMbATENEOMcDEPO2d2008-01-17eSCl0oC-33551p1021396r2023-02-23 00:00:00w2023-02-23yMONOGRAFIA